Welcome to the Holygrace Academy Library

Please use search bar below to get started

FABULOUS SCIENCE (Record no. 1441)

MARC details
000 -LEADER
fixed length control field 00298nam a22001337a 4500
020 ## - INTERNATIONAL STANDARD BOOK NUMBER
ISBN 0-19-280404-9
082 ## - DEWEY DECIMAL CLASSIFICATION NUMBER
Classification number 500
Item number WAL/F
100 ## - MAIN ENTRY--AUTHOR NAME
Personal name WALLER JOHN
245 ## - TITLE STATEMENT
Title FABULOUS SCIENCE
260 ## - PUBLICATION, DISTRIBUTION, ETC. (IMPRINT)
Place of publication DELHI
Name of publisher OXFORD UNIVERSITY PRESS
300 ## - PHYSICAL DESCRIPTION
Number of Pages 308
650 ## - SUBJECT ADDED ENTRY--TOPICAL TERM
Topical Term SCIENCE REFERENCE
Geographic subdivision INDIA
942 ## - ADDED ENTRY ELEMENTS (KOHA)
Koha item type Books
Holdings
Withdrawn status Lost status Collection code Home library Current library Shelving location Date acquired Source of acquisition Full call number Accession Number Koha item type
    Reference Main Library Main Library SHELF-5 E REFERENCE BIOLOGY 02/03/2006 purchase 500 WAL/F 02219 Books